Дело по просьбе купца Петрова на действия санкт-петербургской полиции при аресте

Доступно только в Электронных читальных залах Найти на картеНа карте
RUSMARC
00003677nmc2a22000003x 450
001be390477-e034-44fe-a094-94344ae3fae5
00520200304064252.0
100##$a20180906l18641864k l0rusy0189 ca
1010#$arus
102##$aRU
2001#$aДело по просьбе купца Петрова на действия санкт-петербургской полиции при аресте
$j10-30 ноября 1864 г.
251##$cДело
300##$aДело
801#0$aRU
$bРГИА
$c20180906
$gRCR
801#1$aRU
$bГлавНИВЦ
$c20180906
$2rusmarc
801#2$aRU
$bПБ им. Б.Н. Ельцина
$c20200304
$gRCR
$2rusmarc
850##$aРГИА
852##$aРГИА
$eФедеральное казенное учреждение "Российский государственный исторический архив" (РГИА)
$j1829
937##$hРГИА
$d12289217
$aASBIBLIO_SCAN
462#0$1001921ec746-9587-48a9-b6c2-ef8589ca621c
$12001
$aДела Департамента полиции исполнительной МВД за 1864 год
$1251
$cОпись
$1852
$j25
$l1864 г.
461#0$10013e300ed0-cd39-49af-8489-5ba5b90fa401
$12001
$aДепартамент полиции исполнительной МВД
$1251
$cФонд
$1852
$j1286
215##$a2 л.
$d36,5х26 см
371##$aДокумент не является опубликованным и широко распространяемым
105##$ay###
1222#$ad
035##$abe390477-e034-44fe-a094-94344ae3fae5
856##$uhttp://readingroom.main.prlib.ru/item.aspx?id_node=n142701671&mode=full
Формат отображения